00000000cas 2200000zi 4500
0019.939527
003CaOODSP
00520260508080133
006m     o  d f      
007cr cn ||||||||
008240619c20249999oncar p o    f0###b0fre|d
022 |a2818-4238
040 |aCaOODSP|bfre|erda|cCaOODSP
043 |an-cn---
0861 |aIN3-44F-PDF
1102 |aBureau du surintendant des institutions financières Canada.|eauteur, |eorganisme de publication.
222 0|aRapport du BSIF en vertu de la Loi sur la lutte contre le travail forcé et le travail des enfants dans les chaînes d'approvisionnement
24510|aRapport du BSIF en vertu de la Loi sur la lutte contre le travail forcé et le travail des enfants dans les chaînes d'approvisionnement.
2463 |aRapport du Bureau du surintendant des institutions financières en vertu de la Loi sur la lutte contre le travail forcé et le travail des enfants dans les chaînes d’approvisionnement
264 1|aOttawa, ON : |bBureau du surintendant des institutions financières Canada = Office of the Superintendent of Financial Institutions Canada, |c[2024]-
310 |aAnnuel
336 |atexte|btxt|2rdacontent/fre
337 |ainformatique|bc|2rdamedia/fre
338 |aressource en ligne|bcr|2rdacarrier/fre
3621 |aParaît depuis : 31 mai 2024.
500 |aPublié aussi en anglais sous le titre : OSFI's annual report under the Fighting Against Forced Labour and Child Labour in Supply Chains Act.
588 |aDescription d'après : 31 mai 2024; titre de la page couverture du fichier PDF.
588 |aDernière livraison consultée : 31 mai 2024.
61026|aBureau du surintendant des institutions financieĢ€res Canada|vPériodiques.
61016|aCanada. |tLoi sur la lutte contre le travail forcé et le travail des enfants dans les chaînes d'approvisionnement |vPériodiques.
650 6|aTravail forcé|zCanada|xPrévention|vPériodiques.
650 6|aEnfants|xTravail|zCanada|xPrévention|vPériodiques.
655 7|aPériodiques|2rvmgf
77508|tOSFI's annual report under the Fighting Against Forced Labour and Child Labour in Supply Chains Act.|w(CaOODSP)9.939525